| 000 | 00472nam a2200157 a 4500 | ||
|---|---|---|---|
| 005 | 20140412111322.0 | ||
| 008 | 001220s19uu xx 00 eng d | ||
| 020 | _a1-85830-016-9 | ||
| 050 |
_aER _bHe34 1997 |
||
| 100 | _aJohnston, Beryl | ||
| 245 |
_aHeidi / _cstory re-told Beryl Johnston; edited by Melanie Clayden ; illustrated by Jenny Press. |
||
| 260 |
_aLondon : _bGrandreams Ltd, _c1997. |
||
| 300 | _a1 v. (unp.) ; ill. | ||
| 650 | _aFiction | ||
| 999 |
_c104439 _d104439 |
||